International launch site guide / (Record no. 593855)
[ view plain ]
| 000 -LEADER | |
|---|---|
| fixed length control field | 01219cam a22003134a 4500 |
| 001 - CONTROL NUMBER | |
| control field | 13926869 |
| 005 - DATE AND TIME OF LATEST TRANSACTION | |
| control field | 20230320123342.0 |
| 008 - FIXED-LENGTH DATA ELEMENTS--GENERAL INFORMATION | |
| fixed length control field | 050412s2005 cauab r 001 0 eng |
| 010 ## - LIBRARY OF CONGRESS CONTROL NUMBER | |
| LC control number | 2005009754 |
| 020 ## - INTERNATIONAL STANDARD BOOK NUMBER | |
| International Standard Book Number | 1884989160 (pbk.) |
| 035 ## - SYSTEM CONTROL NUMBER | |
| System control number | (OCoLC)ocm59002704 |
| 040 ## - CATALOGING SOURCE | |
| Original cataloging agency | DLC |
| Transcribing agency | DLC |
| Modifying agency | YDX |
| -- | BAKER |
| -- | DLC |
| 042 ## - AUTHENTICATION CODE | |
| Authentication code | pcc |
| 050 00 - LIBRARY OF CONGRESS CALL NUMBER | |
| Classification number | TL4020 |
| Item number | .I58 2005 |
| 082 00 - DEWEY DECIMAL CLASSIFICATION NUMBER | |
| Classification number | 629.478 |
| Edition number | 22 |
| Author Mark | STR |
| 100 1# - MAIN ENTRY--PERSONAL NAME | |
| Personal name | Strom, Steven R. |
| 9 (RLIN) | 110640 |
| 245 10 - TITLE STATEMENT | |
| Title | International launch site guide / |
| Statement of responsibility, etc. | Steven R. Strom. |
| 250 ## - EDITION STATEMENT | |
| Edition statement | 2nd ed. |
| 260 ## - PUBLICATION, DISTRIBUTION, ETC. | |
| Place of publication, distribution, etc. | El Segundo, Calif. : |
| Name of publisher, distributor, etc. | Aerospace Press ; |
| Place of publication, distribution, etc. | Reston, Va. : |
| Name of publisher, distributor, etc. | American Institute of Aeronautics and Astronautics, |
| Date of publication, distribution, etc. | c2005. |
| 300 ## - PHYSICAL DESCRIPTION | |
| Extent | xv, 175 p. : |
| Other physical details | ill., maps ; |
| Dimensions | 23 cm. |
| 500 ## - GENERAL NOTE | |
| General note | Rev. ed. of: International launch site guide. 1994. |
| 500 ## - GENERAL NOTE | |
| General note | Includes index. |
| 650 #0 - SUBJECT ADDED ENTRY--TOPICAL TERM | |
| Topical term or geographic name entry element | Launch complexes (Astronautics) |
| Form subdivision | Directories. |
| 9 (RLIN) | 110641 |
| 730 0# - ADDED ENTRY--UNIFORM TITLE | |
| Uniform title | International launch site guide. |
| 9 (RLIN) | 110642 |
| 856 41 - ELECTRONIC LOCATION AND ACCESS | |
| Materials specified | Table of contents |
| Uniform Resource Identifier | <a href="http://www.loc.gov/catdir/toc/ecip0510/2005009754.html">http://www.loc.gov/catdir/toc/ecip0510/2005009754.html</a> |
| 906 ## - LOCAL DATA ELEMENT F, LDF (RLIN) | |
| a | 7 |
| b | cbc |
| c | orignew |
| d | 1 |
| e | ecip |
| f | 20 |
| g | y-gencatlg |
| 942 ## - ADDED ENTRY ELEMENTS (KOHA) | |
| Source of classification or shelving scheme | |
| Koha item type | Book |
| Withdrawn status | Lost status | Source of classification or shelving scheme | Damaged status | Not for loan | Permanent Location | Current Location | Shelving location | Date acquired | Full call number | Barcode | Date last seen | Price effective from | Koha item type |
|---|---|---|---|---|---|---|---|---|---|---|---|---|---|
| School of Mechanical & Manufacturing Engineering (SMME) | School of Mechanical & Manufacturing Engineering (SMME) | Aerospace Engineering | 03/20/2023 | 629.478 STR | SMME-4354 | 03/20/2023 | 03/20/2023 | Book |
